[Event "Gyor op U18"]
[Site "Gyor"]
[Date "1991.??.??"]
[Round "?"]
[White "Ceteras, Marius"]
[Black "Tomcsanyi, Peter"]
[Result "1/2-1/2"]
[WhiteElo "2280"]
[BlackElo "2235"]
[PlyCount "90"]
[EventDate "1991.??.??"]
[EventType "swiss"]
[EventRounds "9"]
[EventCountry "HUN"]
[Source "Fruth,M"]
[SourceDate "2003.05.15"]

1. d4 d5 2. c4 e6 3. Nc3 c5 4. cxd5 cxd4 5. Qa4+ Bd7 6. Qxd4 exd5 7. Qxd5 Nc6
8. Qd1 Nf6 9. Nf3 Bc5 10. e3 Qe7 11. Be2 O-O-O 12. O-O g5 13. Nd4 Qe5 14. b4
Nxd4 15. bxc5 Nxe2+ 16. Qxe2 Ng4 17. g3 Qxc3 18. Bb2 Qb4 19. Bxh8 Rxh8 20. Qf3
f5 21. c6 Bxc6 22. Qxf5+ Kb8 23. h3 Qe4 24. Qxe4 Bxe4 25. hxg4 Bf3 26. Rfc1 h5
27. Kf1 hxg4 28. Ke1 Rh1+ 29. Kd2 Rh2 30. Kc3 Rh6 31. Kd4 Rd6+ 32. Ke5 Rd2 33.
Kf5 Rxf2 34. Kxg5 Rd2 35. e4 Bxe4 36. Kxg4 Bd5 37. a3 Rd3 38. Kf4 Rf3+ 39. Ke5
Bc6 40. g4 Re3+ 41. Kf6 Rf3+ 42. Kg7 Rg3 43. Rg1 Bg2 44. Rac1 Rxg4+ 45. Kf6 Bf3
1/2-1/2

[Event "HUN-ch TT"]
[Site "HUN"]
[Date "1991.??.??"]
[Round "?"]
[White "Zsinka, Laszlo"]
[Black "Vigh, Bela"]
[Result "0-1"]
[WhiteElo "2375"]
[BlackElo "2340"]
[PlyCount "94"]
[EventDate "1991.??.??"]
[EventType "team"]
[EventCountry "HUN"]
[Source "Fruth,M"]
[SourceDate "2003.05.15"]

1. d4 d5 2. c4 e6 3. Nc3 c5 4. cxd5 cxd4 5. Qa4+ Bd7 6. Qxd4 exd5 7. Qe5+ Be6
8. e4 Nc6 9. Bb5 Nf6 10. exd5 Nxd5 11. Bg5 Qd7 12. O-O-O Nxe5 13. Bxd7+ Nxd7
14. Nxd5 Rc8+ 15. Kb1 Rc5 16. Nf3 Rxd5 17. Rxd5 Bxd5 18. Re1+ Be6 19. Nd4 Bc5
20. Nxe6 fxe6 21. Rxe6+ Kf7 22. Re2 Re8 23. Rd2 Nf6 24. f3 Be3 25. Bxe3 Rxe3
26. Kc2 Ke6 27. Kd1 Nd5 28. Rd4 g5 29. Kd2 Re5 30. Ra4 a6 31. h4 h6 32. hxg5
hxg5 33. Rc4 Nf4 34. g3 Nd5 35. Rc8 Ne7 36. Rb8 Rb5 37. b3 Nf5 38. g4 Nd4 39.
Ke3 Ke5 40. Rf8 Ra5 41. f4+ gxf4+ 42. Rxf4 Nc2+ 43. Kf3 Rxa2 44. Re4+ Kd5 45.
Re7 Nd4+ 46. Kg3 Rb2 47. Rd7+ Ke5 0-1

[Event "Karlsruhe Elo IT"]
[Site "Karlsruhe"]
[Date "1991.??.??"]
[Round "3"]
[White "Teske, Henrik"]
[Black "Letreguilly, Olivier"]
[Result "1-0"]
[WhiteElo "2380"]
[BlackElo "2240"]
[PlyCount "119"]
[EventDate "1991.??.??"]
[EventType "tourn"]
[EventRounds "11"]
[EventCountry "GER"]
[EventCategory "3"]
[Source "Fruth,M"]
[SourceDate "2003.05.15"]

1. c4 e6 2. Nc3 d5 3. d4 c5 4. cxd5 cxd4 5. Qa4+ Bd7 6. Qxd4 exd5 7. Qxd5 Nc6
8. Nf3 Nf6 9. Qd1 Bc5 10. e3 Qe7 11. Be2 O-O-O 12. O-O g5 13. a3 g4 14. Nd4 Qe5
15. Bd2 Nxd4 16. exd4 Bxd4 17. Qc1 Bc6 18. Bf4 Qc5 19. Bg3 Rhe8 20. Qf4 Be5 21.
Bxg4+ Nxg4 22. Qxg4+ Kb8 23. Rad1 Rc8 24. Qd4 Qa5 25. Bxe5+ Rxe5 26. Qd6+ Qc7
27. f3 Rce8 28. Kf2 Rh5 29. h3 Rg8 30. Qxc7+ Kxc7 31. Rfe1 Rf5 32. Re7+ Kb6 33.
Rd4 h5 34. Ne4 Rg6 35. h4 a5 36. Nd6 Rff6 37. Ne4 Rf5 38. b4 Rg4 39. bxa5+ Kxa5
40. Rb4 Rg6 41. Nd2 Ka6 42. Nc4 Re6 43. Rxe6 fxe6 44. Ke3 Ka7 45. Nd6 Ra5 46.
Rb3 Ra4 47. Ne4 Kb8 48. Kf4 Kc7 49. Kg5 Ra5+ 50. Kf6 Rf5+ 51. Kxe6 Bxe4 52.
fxe4 Rf4 53. e5 Rxh4 54. Ke7 Kc6 55. e6 Re4 56. Rc3+ Kd5 57. Rd3+ Ke5 58. Rb3
Kf5 59. Rb5+ Kg6 60. Rxb7 1-0

[Event "NZL-ch"]
[Site "Otago"]
[Date "1991.??.??"]
[Round "1"]
[White "Martin, Benjamin"]
[Black "Metge, J Nigel"]
[Result "1-0"]
[WhiteElo "2320"]
[BlackElo "2230"]
[PlyCount "49"]
[EventDate "1991.??.??"]
[EventType "tourn"]
[EventRounds "11"]
[EventCountry "NZL"]
[EventCategory "1"]
[Source "Fruth,M"]
[SourceDate "2003.05.15"]

1. d4 d5 2. c4 e6 3. Nc3 c5 4. cxd5 cxd4 5. Qa4+ Bd7 6. Qxd4 exd5 7. Qxd5 Nc6
8. e3 Nf6 9. Qd1 Bc5 10. Nf3 Qe7 11. Be2 O-O 12. O-O Rfd8 13. a3 Ne5 14. Qc2
Rac8 15. Bd2 Bc6 16. Nd4 Neg4 17. h3 Bxd4 18. exd4 Bxg2 19. Bxg4 Nxg4 20. Kxg2
Rxd4 21. Qf5 Qc7 22. hxg4 Rxd2 23. Nd5 Qc6 24. Qxc8+ Qxc8 25. Ne7+ 1-0

[Event "Oberwart op"]
[Site "Oberwart"]
[Date "1991.??.??"]
[Round "?"]
[White "Baburin, Alexander"]
[Black "Weinzettl, Ernst"]
[Result "1-0"]
[WhiteElo "2480"]
[BlackElo "2285"]
[PlyCount "69"]
[EventDate "1991.07.??"]
[EventType "swiss"]
[EventRounds "9"]
[EventCountry "AUT"]
[Source "Fruth,M"]
[SourceDate "2003.05.15"]

1. d4 d5 2. c4 e6 3. Nc3 c5 4. cxd5 cxd4 5. Qa4+ Bd7 6. Qxd4 exd5 7. Qxd5 Nc6
8. Nf3 Nf6 9. Qd1 Bc5 10. e3 Qe7 11. Be2 O-O-O 12. O-O g5 13. b4 Bxb4 14. Bb2
g4 15. Nd4 Nxd4 16. Qxd4 Bc5 17. Nd5 Nxd5 18. Rac1 Bc6 19. Rxc5 Rhg8 20. Rfc1
Kb8 21. Ra5 b6 22. Ra3 Rg6 23. Bxg4 Nb4 24. Qf4+ Kb7 25. Bf3 Nd5 26. Qc4 Kb8
27. Rd3 Qe6 28. e4 Re8 29. Rxd5 Bxd5 30. Qxd5 Qxd5 31. exd5 Rd6 32. g3 a5 33.
a4 Kb7 34. Kg2 Red8 35. Be5 1-0

[Event "Osuna op"]
[Site "Osuna"]
[Date "1991.??.??"]
[Round "?"]
[White "Aguilera, Juan"]
[Black "Frois, Antonio"]
[Result "0-1"]
[WhiteElo "2240"]
[BlackElo "2400"]
[PlyCount "66"]
[EventDate "1991.??.??"]
[EventType "swiss"]
[EventCountry "ESP"]
[Source "Fruth,M"]
[SourceDate "2003.05.15"]

1. d4 d5 2. c4 e6 3. Nc3 c5 4. cxd5 cxd4 5. Qa4+ Bd7 6. Qxd4 exd5 7. Nf3 Nc6 8.
Qd1 Nf6 9. e3 Bb4 10. Bd2 O-O 11. Be2 Qe7 12. O-O a6 13. a3 Bd6 14. Re1 Rad8
15. Qc2 Rfe8 16. Rad1 Bg4 17. h3 Bh5 18. Nd4 Qe5 19. g3 Bxe2 20. Ncxe2 Nxd4 21.
Nxd4 Ne4 22. Nf3 Qf5 23. Kg2 Re6 24. g4 Rg6 25. Ba5 Rxg4+ 26. hxg4 Qxg4+ 27.
Kf1 Qxf3 28. Qxe4 dxe4 29. Bxd8 Bg3 30. Rd2 h5 31. Kg1 Be5 32. Be7 f6 33. Red1
h4 0-1

[Event "Ponferrada op"]
[Site "Ponferrada"]
[Date "1991.??.??"]
[Round "?"]
[White "Moskalenko, Viktor"]
[Black "Martin Gonzalez, Angel"]
[Result "1-0"]
[WhiteElo "2525"]
[BlackElo "2445"]
[PlyCount "113"]
[EventDate "1991.??.??"]
[EventType "swiss"]
[EventRounds "9"]
[EventCountry "ESP"]
[Source "Fruth,M"]
[SourceDate "2003.05.15"]

1. d4 d5 2. c4 e6 3. Nc3 c5 4. cxd5 cxd4 5. Qa4+ Bd7 6. Qxd4 exd5 7. Qxd5 Nc6
8. e3 Nf6 9. Qd1 Bc5 10. Nf3 Qe7 11. Be2 O-O-O 12. Bd2 g5 13. O-O g4 14. Nd4
Qe5 15. Ncb5 a6 16. Na3 Bd6 17. g3 Bc7 18. Rc1 Qd5 19. Qb3 Qxb3 20. axb3 h5 21.
f3 h4 22. Bc3 Rh6 23. Nxc6 Bxc6 24. Bxf6 Rxf6 25. fxg4 hxg3 26. Rxf6 gxh2+ 27.
Kf2 h1=Q 28. Rxh1 Bxh1 29. Nb1 Bd5 30. Bc4 Be5 31. Rf5 Bxc4 32. Rxe5 Bxb3 33.
Rc5+ Kb8 34. g5 Rd1 35. Nc3 Rd2+ 36. Kg3 Rxb2 37. Ne4 Be6 38. Kf4 Rb5 39. Rxb5
axb5 40. Ke5 b4 41. g6 Ba2 42. g7 f5 43. Nd6 Kc7 44. Nxf5 Kd7 45. Nh6 Be6 46.
g8=Q Bxg8 47. Nxg8 b3 48. Nf6+ Kc6 49. Ne4 b2 50. Nd2 Kc5 51. Ke4 Kb4 52. Kd3
Ka3 53. Kc2 b5 54. Kb1 b4 55. e4 Ka4 56. Kxb2 Kb5 57. Kb3 1-0

[Event "Sao Paulo op"]
[Site "Sao Paulo"]
[Date "1991.??.??"]
[Round "4"]
[White "Milos, Gilberto"]
[Black "Russek Libni, Guil"]
[Result "1-0"]
[WhiteElo "2530"]
[BlackElo "2395"]
[PlyCount "65"]
[EventDate "1991.??.??"]
[EventType "swiss"]
[EventRounds "11"]
[EventCountry "BRA"]
[Source "Fruth,M"]
[SourceDate "2003.05.15"]

1. c4 e6 2. Nc3 d5 3. d4 c5 4. cxd5 cxd4 5. Qa4+ Bd7 6. Qxd4 exd5 7. Qxd5 Nc6
8. Nf3 Nf6 9. Qd1 Bc5 10. e3 Qe7 11. Be2 O-O-O 12. Bd2 g5 13. O-O g4 14. Nd4 h5
15. Bb5 Ne5 16. b4 Bb6 17. a4 Kb8 18. a5 Bc7 19. Bxd7 Qxd7 20. Qa4 Nc6 21. Ncb5
Ne4 22. Nxc6+ bxc6 23. Nxc7 Qxc7 24. Be1 Qb7 25. Rc1 Rh6 26. f3 gxf3 27. Rxf3
Rg6 28. Qc2 Ng5 29. Rf5 Rdg8 30. Kh1 Ka8 31. Bg3 Re6 32. Bf4 Nh3 33. a6 1-0

[Event "San Sebastian op"]
[Site "San Sebastian"]
[Date "1991.??.??"]
[Round "8"]
[White "Sorin, Ariel"]
[Black "Gomez Esteban, Juan Mario"]
[Result "1-0"]
[WhiteElo "2405"]
[BlackElo "2400"]
[PlyCount "77"]
[EventDate "1991.03.??"]
[EventType "swiss"]
[EventRounds "9"]
[EventCountry "ESP"]
[Source "Fruth,M"]
[SourceDate "2003.05.15"]

1. d4 d5 2. c4 e6 3. Nc3 c5 4. cxd5 cxd4 5. Qa4+ Bd7 6. Qxd4 exd5 7. Qxd5 Nc6
8. Nf3 Nf6 9. Qd1 Bc5 10. e3 Qe7 11. Be2 O-O-O 12. O-O g5 13. a3 g4 14. Nd2
Rhg8 15. Qc2 Kb8 16. b4 Bd6 17. Nc4 Ne5 18. Nxd6 Nf3+ 19. Kh1 Qxd6 20. gxf3
gxf3 21. Bxf3 Ng4 22. Bxg4 Bxg4 23. f3 Qf6 24. Qe2 Bh3 25. Rf2 Qxc3 26. Bb2 Qb3
27. Bd4 Rc8 28. Qd1 Qc4 29. b5 Rg6 30. a4 Ka8 31. Be5 h5 32. Bg3 h4 33. Bf4
Rcg8 34. Rc1 Rg1+ 35. Qxg1 Rxg1+ 36. Rxg1 b6 37. e4 Kb7 38. Rc1 Qxa4 39. Rd2
1-0

[Event "Belgrade IT C"]
[Site "Belgrade"]
[Date "1991.??.??"]
[Round "10"]
[White "Averkin, Orest N"]
[Black "Jovicic, Milos"]
[Result "1-0"]
[WhiteElo "2470"]
[BlackElo "2335"]
[PlyCount "55"]
[EventDate "1991.08.??"]
[EventType "tourn"]
[EventRounds "11"]
[EventCountry "YUG"]
[EventCategory "7"]
[Source "Fruth,M"]
[SourceDate "2003.05.15"]

1. d4 d5 2. c4 e6 3. Nc3 c5 4. cxd5 cxd4 5. Qa4+ Bd7 6. Qxd4 exd5 7. Qxd5 Nc6
8. Nf3 Nf6 9. Qd1 Bc5 10. e3 Qe7 11. Be2 g5 12. Nd4 O-O-O 13. O-O Qe5 14. Nf3
Qe7 15. b4 Bxb4 16. Bb2 g4 17. Nd4 Kb8 18. Ncb5 Rhg8 19. Rc1 Bc5 20. Rxc5 Qxc5
21. Ba3 Nb4 22. Qa4 a6 23. Bxb4 axb5 24. Bxb5 Qa7 25. Bd6+ Ka8 26. Qxa7+ Kxa7
27. Be7 Ne4 28. Bxd8 1-0

[Event "Rio de Janeiro Masters-Challenger schev"]
[Site "Rio de Janeiro"]
[Date "1991.09.??"]
[Round "12"]
[White "Kramnik, Vladimir"]
[Black "Teixeira, Ricardo da Silva"]
[Result "1-0"]
[WhiteElo "2445"]
[BlackElo "2370"]
[PlyCount "81"]
[EventDate "1991.09.25"]
[EventType "schev"]
[EventRounds "6"]
[EventCountry "BRA"]
[Source "Fruth,M"]
[SourceDate "2003.05.15"]

1. d4 d5 2. c4 e6 3. Nc3 c5 4. cxd5 cxd4 5. Qa4+ Bd7 6. Qxd4 exd5 7. Qxd5 Nc6
8. Nf3 Nf6 9. Qd1 Bc5 10. e3 Qe7 11. Be2 O-O-O 12. Bd2 g5 13. Rc1 Kb8 14. O-O
g4 15. Nd4 Qe5 16. Ncb5 Ne4 17. b4 Bb6 18. a4 Qg5 19. Be1 Nxd4 20. Nxd4 g3 21.
hxg3 Bxd4 22. Qxd4 Bb5 23. Qb2 Bxe2 24. Qxe2 h5 25. Qf3 Qg6 26. Qf4+ Ka8 27. f3
Ng5 28. Bc3 Ne6 29. Qf6 Qd3 30. Qxh8 Qxe3+ 31. Kh2 Rxh8 32. Bxh8 b5 33. axb5 h4
34. gxh4 Qh6 35. Be5 Qxh4+ 36. Kg1 Kb7 37. Rfd1 Qg5 38. f4 Qg3 39. Rc6 Nd8 40.
Rc7+ Kb6 41. Rc3 1-0

[Event "Balatonbereny op"]
[Site "Balatonbereny"]
[Date "1992.??.??"]
[Round "8"]
[White "Klinger, Josef"]
[Black "Szabo, Zsolt"]
[Result "1-0"]
[WhiteElo "2480"]
[BlackElo "2270"]
[PlyCount "75"]
[EventDate "1992.09.??"]
[EventType "swiss"]
[EventRounds "9"]
[EventCountry "HUN"]
[Source "Fruth,M"]
[SourceDate "2003.05.15"]

1. d4 d5 2. c4 e6 3. Nc3 c5 4. cxd5 cxd4 5. Qa4+ Bd7 6. Qxd4 exd5 7. Qxd5 Nc6
8. Bg5 Nf6 9. Qb3 h6 10. Bh4 Bb4 11. e3 Qe7 12. Bb5 O-O 13. Nge2 Bxc3+ 14. Qxc3
g5 15. Bg3 Ne4 16. Qb3 Be6 17. Qa3 Qb4+ 18. Qxb4 Nxb4 19. Nd4 a6 20. Be2 Bxa2
21. Bf3 Bd5 22. Ke2 Rfd8 23. Rac1 Rac8 24. Bc7 Rd7 25. Bb6 Rxc1 26. Rxc1 Nc6
27. Bg4 Rd6 28. Nf5 Rf6 29. f3 Nd6 30. Nd4 Nc4 31. Bc5 Nxd4+ 32. Bxd4 Rc6 33.
Bd7 Rc7 34. Ba4 Re7 35. e4 Nd6 36. Bc5 Rc7 37. Bxd6 Rxc1 38. exd5 1-0

[Event "CZE-ch TT"]
[Site "CZE"]
[Date "1992.??.??"]
[Round "?"]
[White "Obsivac, Josef"]
[Black "Netusil, Miroslav"]
[Result "1/2-1/2"]
[WhiteElo "2275"]
[BlackElo "2305"]
[PlyCount "144"]
[EventDate "1992.??.??"]
[EventType "team"]
[EventCountry "CSR"]
[Source "Fruth,M"]
[SourceDate "2003.05.15"]

1. d4 d5 2. c4 e6 3. Nc3 c5 4. cxd5 cxd4 5. Qxd4 Nc6 6. Qd1 exd5 7. Qxd5 Bd7 8.
Nf3 Nf6 9. Qd1 Bc5 10. e3 Qe7 11. Bb5 O-O-O 12. Qe2 Kb8 13. O-O a6 14. Ba4 g5
15. a3 g4 16. Nd2 Bf5 17. Bxc6 Bd3 18. Qd1 Bxf1 19. Qxf1 bxc6 20. Qxa6 Qe6 21.
Nf1 Rd7 22. b4 Ba7 23. Rb1 Ne4 24. Bb2 Rc8 25. Nxe4 Qxe4 26. Rc1 Qd5 27. Bf6
Qb5 28. Qxb5+ cxb5 29. Ra1 Kb7 30. h3 Rc6 31. Be5 Rd5 32. Bf4 h5 33. Kh2 Rc2
34. hxg4 Rxf2 35. gxh5 Rxh5+ 36. Kg3 Rc2 37. a4 bxa4 38. Rxa4 Rh1 39. Nh2 Rg1
40. Nf3 Rgxg2+ 41. Kh3 Rgf2 42. Kg3 Rfe2 43. Ra3 Rc8 44. Ng5 f5 45. Nf7 Bb8 46.
Nd6+ Bxd6 47. Bxd6 Rg8+ 48. Kf4 Kc6 49. Bc5 Rf2+ 50. Ke5 Re8+ 51. Kd4 Re4+ 52.
Kd3 Re6 53. Ra6+ Kd5 54. Ra5 Rf1 55. Bf8+ Kc6 56. Ke2 Rb1 57. Rxf5 Rb3 58. Bc5
Re4 59. Rf6+ Kd5 60. Rd6+ Kc4 61. Kf3 Re5 62. Rc6 Kd5 63. Rd6+ Kc4 64. Rb6 Kd5
65. Ke2 Rh5 66. Rg6 Rh2+ 67. Kf3 Rh3+ 68. Kf4 Rh4+ 69. Kf5 Rh5+ 70. Kg4 Rh1 71.
Rd6+ Ke5 72. Rd2 Ke4 1/2-1/2

[Event "FMDA TT"]
[Site "Buenos Aires"]
[Date "1992.??.??"]
[Round "1"]
[White "Juarez, Alberto"]
[Black "Mellano, Santiago"]
[Result "0-1"]
[WhiteElo "2265"]
[BlackElo "2220"]
[PlyCount "98"]
[EventDate "1992.??.??"]
[EventType "team"]
[EventRounds "9"]
[EventCountry "ARG"]
[Source "Fruth,M"]
[SourceDate "2003.05.15"]

1. d4 d5 2. c4 e6 3. Nc3 c5 4. cxd5 cxd4 5. Qa4+ Bd7 6. Qxd4 exd5 7. Nf3 Nc6 8.
Qd1 Bb4 9. e3 Nf6 10. Be2 O-O 11. O-O Bg4 12. Bd2 Ne4 13. a3 Be7 14. h3 Bf5 15.
Nb5 Bf6 16. Bc3 Nxc3 17. bxc3 Be4 18. Rc1 Na5 19. Qa4 a6 20. Nbd4 b5 21. Qb4
Be7 22. Qb2 Nc4 23. Bxc4 dxc4 24. Rfd1 Qc7 25. Ra1 Rab8 26. Nd2 Bd3 27. N2f3
Rb6 28. Ne1 Be4 29. f3 Ba8 30. Qf2 Qe5 31. Nec2 Qh5 32. Qf1 Rg6 33. Kf2 Qe5 34.
Ne2 Bc5 35. Rd4 Bxd4 36. Ncxd4 Re8 37. e4 Qc5 38. Kg1 Rd6 39. Qb1 f5 40. Qb4
Qxb4 41. axb4 fxe4 42. f4 e3 43. g3 Be4 44. Ra2 Rxd4 45. cxd4 c3 46. Kf1 c2 47.
Ra1 a5 48. bxa5 b4 49. Ke1 b3 0-1

[Event "RLPF-ch A"]
[Site "Pirmasens"]
[Date "1992.??.??"]
[Round "?"]
[White "Haag, Guenter"]
[Black "Elsen, Mark"]
[Result "1/2-1/2"]
[WhiteElo "2300"]
[BlackElo "2220"]
[PlyCount "110"]
[EventDate "1992.??.??"]
[EventType "tourn"]
[EventRounds "11"]
[EventCountry "GER"]
[Source "Fruth,M"]
[SourceDate "2003.05.15"]

1. d4 d5 2. c4 e6 3. Nc3 c5 4. cxd5 cxd4 5. Qxd4 Nc6 6. Qd1 exd5 7. Qxd5 Bd7 8.
Nf3 Nf6 9. Qd1 Bc5 10. e3 Qe7 11. Be2 g5 12. Bd2 g4 13. Nd4 a6 14. O-O Qe5 15.
Re1 h5 16. Bf1 h4 17. Nce2 Ne4 18. Nxc6 bxc6 19. Bc3 Qf5 20. Nf4 Nxc3 21. bxc3
g3 22. Qf3 gxf2+ 23. Qxf2 Rh6 24. Nd3 Qxf2+ 25. Kxf2 Bd6 26. Nf4 Ke7 27. Be2
Be6 28. Bf3 Rc8 29. Kg1 Be5 30. Ne2 Bc4 31. Nd4 Rg6 32. Be4 Rgg8 33. Bxc6 Kd6
34. Ba4 Kc5 35. Bb3 a5 36. Rac1 Rg4 37. Bd1 Rgg8 38. Rb1 Rb8 39. Bb3 Bd3 40.
Rbd1 Be4 41. Rd2 Bd5 42. Bxd5 Kxd5 43. Nf3+ Ke6 44. Nxe5 Kxe5 45. c4 a4 46.
Rd5+ Ke6 47. Re2 h3 48. g3 Rb1+ 49. Kf2 Rc8 50. Rh5 Rxc4 51. Rxh3 a3 52. Rh4
Rxh4 53. gxh4 Kf5 54. Kf3 Kg6 55. Rg2+ Kh6 1/2-1/2

[Event "RUS-ch TT"]
[Site "Podolsk"]
[Date "1992.??.??"]
[Round "?"]
[White "Meister, Yakov"]
[Black "Piskov, Yury"]
[Result "0-1"]
[WhiteElo "2445"]
[BlackElo "2500"]
[PlyCount "81"]
[EventDate "1992.??.??"]
[EventType "team"]
[EventCountry "RUS"]
[Source "Fruth,M"]
[SourceDate "2003.05.15"]

1. d4 d5 2. c4 e6 3. Nc3 c5 4. cxd5 cxd4 5. Qa4+ Bd7 6. Qxd4 exd5 7. Qxd5 Nc6
8. Nf3 Nf6 9. Qb3 Be6 10. Qa4 Nd7 11. Bg5 Qb6 12. Qb5 Bb4 13. Qxb6 axb6 14. e3
Nc5 15. Nd2 O-O 16. Bb5 Ra5 17. a4 Bxc3 18. bxc3 Nxa4 19. c4 Nc3 20. O-O Nxb5
21. cxb5 Rxb5 22. Bf4 Rd8 23. Ne4 Ra5 24. Bc7 Rda8 25. Rac1 R5a6 26. Nd6 Nd8
27. f4 f6 28. f5 Bd5 29. Nc4 Bxc4 30. Rxc4 Rc8 31. Rd1 Nc6 32. Bf4 b5 33. Rc5
Ra5 34. Rb1 Ne7 35. Rxc8+ Nxc8 36. Bc7 b6 37. Kf2 b4 38. e4 Rc5 39. Bf4 Rc4 40.
Ke3 Ne7 41. Kd3 0-1

[Event "Sestola op"]
[Site "Sestola"]
[Date "1992.??.??"]
[Round "?"]
[White "Vezzosi, Paolo"]
[Black "Kennaugh, Charles"]
[Result "1-0"]
[WhiteElo "2305"]
[BlackElo "2320"]
[PlyCount "105"]
[EventDate "1992.??.??"]
[EventType "swiss"]
[EventRounds "7"]
[EventCountry "ITA"]
[Source "Fruth,M"]
[SourceDate "2003.05.15"]

1. c4 e6 2. Nc3 d5 3. d4 c5 4. cxd5 cxd4 5. Qa4+ Bd7 6. Qxd4 exd5 7. Qxd5 Nf6
8. Qd1 Nc6 9. Nf3 Bc5 10. e3 Qe7 11. a3 O-O-O 12. Qc2 Kb8 13. Be2 Rc8 14. Bd2
g5 15. h3 Rhg8 16. Rc1 Bb6 17. Qd3 Rgd8 18. Nd5 Nxd5 19. Qxd5 f5 20. Bc3 Be6
21. Qb5 Rd5 22. Qa4 g4 23. hxg4 fxg4 24. Nd2 g3 25. Qf4+ Bc7 26. Qe4 Qf7 27. f3
Bf5 28. Qh4 Bg6 29. Bc4 Bd3 30. Qf6 Qe8 31. e4 Bxc4 32. Nxc4 b5 33. Ne3 Rd3 34.
Ke2 Rcd8 35. Rhd1 Rxd1 36. Rxd1 Rxd1 37. Kxd1 Qd7+ 38. Nd5 a5 39. Qg7 Qxg7 40.
Bxg7 Bd6 41. Bh6 Kc8 42. f4 a4 43. Nc3 Nd4 44. Ne2 Nxe2 45. Kxe2 Bc5 46. Kd3
Kd7 47. f5 Ke7 48. e5 Kf7 49. Bf4 Bf2 50. Bg5 Bc5 51. Bh4 Bf2 52. e6+ Kg7 53.
Ke4 1-0

[Event "Simferopol/Alushta IT Women"]
[Site "Alushta"]
[Date "1992.??.??"]
[Round "?"]
[White "Prudnikova, Svetlana"]
[Black "Kharkova, Elena"]
[Result "1-0"]
[WhiteElo "2335"]
[BlackElo "2225"]
[PlyCount "72"]
[EventDate "1992.??.??"]
[EventType "tourn"]
[EventRounds "13"]
[EventCountry "UKR"]
[Source "Fruth,M"]
[SourceDate "2003.05.15"]

1. d4 d5 2. c4 e6 3. Nc3 c5 4. cxd5 cxd4 5. Qxd4 Nc6 6. Qd1 exd5 7. Qxd5 Bd7 8.
Nf3 Nf6 9. Qd1 Bc5 10. e3 Qe7 11. Be2 O-O 12. O-O Rfd8 13. a3 Rac8 14. Qc2 Bg4
15. Bd2 Ne5 16. Nxe5 Qxe5 17. Rae1 Bxe2 18. Rxe2 Ng4 19. g3 Rc6 20. Qe4 Qg5 21.
h3 Ne5 22. f4 Qxg3+ 23. Rg2 Qxh3 24. Qxe5 Rg6 25. Rff2 b6 26. Rxg6 hxg6 27. Rh2
Qf3 28. b4 Bd6 29. Qg5 Re8 30. Qh4 f5 31. Qf2 Qc6 32. Ne2 a5 33. Nd4 Qe4 34.
Qh4 axb4 35. Qh7+ Kf7 36. Rg2 g5 1-0

[Event "YUG-ch TT"]
[Site "Cetinje"]
[Date "1992.??.??"]
[Round "?"]
[White "Ilincic, Zlatko"]
[Black "Stamenkovic, Zoran"]
[Result "1/2-1/2"]
[WhiteElo "2445"]
[BlackElo "2345"]
[PlyCount "69"]
[EventDate "1992.??.??"]
[EventType "team"]
[EventCountry "YUG"]
[Source "Fruth,M"]
[SourceDate "2003.05.15"]

1. d4 d5 2. c4 e6 3. Nc3 c5 4. cxd5 cxd4 5. Qa4+ Bd7 6. Qxd4 exd5 7. Qxd5 Nc6
8. Qd1 Nf6 9. e3 Bc5 10. Nf3 Qe7 11. a3 O-O-O 12. Qc2 Kb8 13. Be2 g5 14. b4 g4
15. Nd2 Bd6 16. Nc4 Bc7 17. Bb2 Rhg8 18. O-O-O Rc8 19. Kb1 Ne5 20. Nd2 Bd6 21.
Qb3 Be6 22. Qa4 a6 23. Ka1 Nfd7 24. Nce4 Bc7 25. Rc1 Rgd8 26. Bd4 f5 27. Nc5
Nb6 28. Qa5 Nbc4 29. Nxa6+ bxa6 30. Qxa6 Rxd4 31. exd4 Nxd2 32. Qb5+ Ka7 33.
Qa6+ Kb8 34. Qb5+ Ka7 35. Qa6+ 1/2-1/2

[Event "Cappelle op"]
[Site "Cappelle la Grande"]
[Date "1992.??.??"]
[Round "8"]
[White "Bradbury, Neil H"]
[Black "Lalic, Susan"]
[Result "1-0"]
[WhiteElo "2345"]
[BlackElo "2320"]
[PlyCount "127"]
[EventDate "1992.02.??"]
[EventType "swiss"]
[EventRounds "9"]
[EventCountry "FRA"]
[Source "Fruth,M"]
[SourceDate "2003.05.15"]

1. d4 d5 2. c4 e6 3. Nc3 c5 4. cxd5 cxd4 5. Qxd4 Nc6 6. Qd1 exd5 7. Qxd5 Be6 8.
Qxd8+ Rxd8 9. e3 Nf6 10. Bb5 Be7 11. Nge2 O-O 12. O-O a6 13. Bxc6 bxc6 14. Nd4
Bd7 15. e4 c5 16. Nc2 Bb5 17. Nxb5 axb5 18. f3 c4 19. Be3 Rd3 20. Kf2 Rfd8 21.
Ke2 c3 22. bxc3 Rxc3 23. Rfc1 b4 24. Nd4 Bd6 25. g3 Rxc1 26. Rxc1 Ra8 27. Rc2
h5 28. Nc6 Bf8 29. Bd2 Ra4 30. Rb2 Nd7 31. Bxb4 Bxb4 32. Nxb4 Ne5 33. Nc2 g5
34. Nb4 Nc4 35. Rb3 Na5 36. Rb1 Ra3 37. Rc1 Ra4 38. Rb1 Ra3 39. Rb2 Nc4 40. Rc2
Ne5 41. Rc5 f6 42. h4 gxh4 43. gxh4 Ng6 44. Rc6 Kg7 45. Ra6 Rxa6 46. Nxa6 Nxh4
47. a4 Ng6 48. Nc5 Ne7 49. a5 Nc6 50. a6 Kf7 51. Kf2 Ke7 52. Kg3 Kd6 53. Nd3
Kc7 54. Nf4 Kb6 55. Nxh5 Kxa6 56. Nxf6 Kb6 57. f4 Kc7 58. Kg4 Kd6 59. Kf5 Nd4+
60. Kg6 Ne2 61. Kg5 Ke6 62. Ng4 Nd4 63. Kg6 Ke7 64. f5 1-0

[Event "Cappelle op"]
[Site "Cappelle la Grande"]
[Date "1992.??.??"]
[Round "8"]
[White "Naumkin, Igor"]
[Black "Mircov, Nicolae"]
[Result "1-0"]
[WhiteElo "2460"]
[BlackElo "2290"]
[PlyCount "55"]
[EventDate "1992.02.??"]
[EventType "swiss"]
[EventRounds "9"]
[EventCountry "FRA"]
[Source "Fruth,M"]
[SourceDate "2003.05.15"]

1. d4 d5 2. c4 e6 3. Nc3 c5 4. cxd5 cxd4 5. Qa4+ Bd7 6. Qxd4 exd5 7. Qxd5 Nc6
8. Nf3 Nf6 9. Qd1 Bc5 10. e3 Qe7 11. Be2 O-O-O 12. O-O g5 13. Qc2 Kb8 14. a3 g4
15. Nh4 Qe5 16. b4 Bd6 17. g3 Qh5 18. Rd1 Be6 19. Bb2 Be7 20. Ng2 Bf5 21. Qa4
Bd7 22. Nf4 Qg5 23. b5 Ne5 24. Ncd5 Nxd5 25. Rxd5 f6 26. Rad1 Bc8 27. Qe4 Qg7
28. Rxe5 1-0

[Event "Dortmund op"]
[Site "Dortmund"]
[Date "1992.??.??"]
[Round "2"]
[White "Reinemer, Frank"]
[Black "Piskov, Yury"]
[Result "1/2-1/2"]
[WhiteElo "2265"]
[BlackElo "2500"]
[PlyCount "184"]
[EventDate "1992.04.??"]
[EventType "swiss"]
[EventRounds "11"]
[EventCountry "GER"]
[Source "Fruth,M"]
[SourceDate "2003.05.15"]

1. d4 e6 2. c4 d5 3. Nc3 c5 4. cxd5 cxd4 5. Qxd4 Nc6 6. Qd1 exd5 7. Qxd5 Bd7 8.
Nf3 Nf6 9. Qd1 Bc5 10. e3 Qe7 11. a3 Rc8 12. Be2 O-O 13. O-O Rfd8 14. Qc2 Bg4
15. Bd2 Ne5 16. Rad1 Nxf3+ 17. Bxf3 Qe5 18. Bxg4 Nxg4 19. g3 Qh5 20. h4 Ne5 21.
Bc1 Nf3+ 22. Kg2 Nxh4+ 23. gxh4 Qg4+ 24. Kh1 Qxh4+ 25. Kg2 Qg4+ 26. Kh1 Rc6 27.
Rxd8+ Bf8 28. Rxf8+ Kxf8 29. Qxh7 Rh6+ 30. Qxh6 gxh6 31. Rd1 h5 32. Rd8+ Kg7
33. Rd4 Qf5 34. Kg2 Qg6+ 35. Kf1 h4 36. Rxh4 Qc2 37. Rg4+ Kf8 38. Rb4 Qxc1+ 39.
Ke2 b6 40. Rb5 Qc2+ 41. Kf3 Ke7 42. Rb4 Kd7 43. Nd5 Kc6 44. e4 Qd1+ 45. Kf4
Qd2+ 46. Kg3 Qg5+ 47. Kf3 Kc5 48. Nf4 Qd8 49. Ke3 Qg5 50. Rb3 Kc6 51. Rc3+ Kb7
52. Rc2 a5 53. Rd2 Qc5+ 54. Ke2 Ka6 55. Nd3 Qh5+ 56. Ke3 Qh3+ 57. Ke2 Kb5 58.
Nf4 Qh1 59. Ke3 Kc4 60. Nd5 Kb3 61. Nc3 b5 62. Ne2 Qh6+ 63. Kd3 Qh3+ 64. Kd4
Qf1 65. Ke3 a4 66. Kd3 b4 67. axb4 Kxb4 68. Ke3 Qh3+ 69. f3 Qh6+ 70. Kd3 Qh1
71. Ke3 Qe1 72. Rd4+ Kb3 73. Rd2 f6 74. Kd3 Qh1 75. Ke3 Qh6+ 76. Kd3 Kb4 77.
Rc2 Qg5 78. Rd2 Qe5 79. Ke3 Qg5+ 80. Kd3 Kc5 81. Rc2+ Kd6 82. Rd2 Ke7 83. Nd4
Qg1 84. Ke2 Kf7 85. Nf5 Ke6 86. f4 Qh1 87. Ke3 Qe1+ 88. Re2 Qg1+ 89. Kd3 Qf1
90. Ke3 Qh3+ 91. Kf2 Kd7 92. Ne3 Qh4+ 1/2-1/2